00346nam a22001457a 4500003000700000005001700007008004100024082001900065100001100084245003300095260002400128300000800152490002300160650001700183MPLRDC20220104124957.0210129b ||||| |||| 00| 0 eng d a857.9 YW-3 v.2 a忆文 a一剑光寒起画楼. 下c ab毅力出版社c b平 a忆文武侠专辑 a武侠小说